| 000 | 00406 a2200157 4500 | ||
|---|---|---|---|
| 005 | 20250311072543.0 | ||
| 020 | _a0-256-01570-8 | ||
| 082 | _a658.81 STA | ||
| 100 | _aSTANTON, W. J. | ||
| 245 | _aManagement of the Sales Force | ||
| 250 | _a4th Ed. | ||
| 260 |
_aLondon _bRichard D. Irwin _c1974 |
||
| 300 |
_axv, 790p., ill., figure, table, map _bIndex _c23cm |
||
| 700 | _aBUSKIRK, R. H | ||
| 942 |
_2ddc _cBKS |
||
| 999 |
_c314 _d314 |
||